|
|
|
|
| LEADER |
00628cam a2200169 7i4500 |
| 001 |
0000005985 |
| 005 |
19991025090000.0 |
| 002 |
##000007636 |
| 020 |
0 |
0 |
|a T000005931
|
| 090 |
0 |
0 |
|a INDO 330.011 2
|b IND
|
| 245 |
0 |
0 |
|a Indonesia 1997 :
|b annual report on government, economy, the business environment, capital markets and industry with forecasts through end-1999.
|
| 260 |
0 |
0 |
|a London:
|b Business Monitor International,
|c 1997.
|
| 300 |
0 |
0 |
|a 107 p..
|
| 650 |
0 |
0 |
|a Economic forecasting --
|z Indonesia
|
| 650 |
0 |
0 |
|a Indonesia --
|x Politics and government
|
| 651 |
0 |
0 |
|a Indonesia
|
| 999 |
|
|
|a 0000008991
|b Book
|c Open shelf
|e Business Information Centre
|